MINES VOCATIONAL TRAINING RULES, 1966 (Record no. 9087)

MARC details
000 -LEADER
fixed length control field 00359nam a22001457a 4500
005 - DATE AND TIME OF LATEST TRANSACTION
control field 20260311165824.0
008 - FIXED-LENGTH DATA ELEMENTS--GENERAL INFORMATION
fixed length control field 260311b |||||||| |||| 00| 0 eng d
041 ## - LANGUAGE CODE
Language code of text/sound track or separate title eng
082 ## - DEWEY DECIMAL CLASSIFICATION NUMBER
Classification number 344.540 46
245 ## - TITLE STATEMENT
Title MINES VOCATIONAL TRAINING RULES, 1966
260 ## - PUBLICATION, DISTRIBUTION, ETC. (IMPRINT)
Place of publication DHANBAD
Name of publisher LOVELY PRAKASHAN
Year of publication 2025
300 ## - PHYSICAL DESCRIPTION
Number of Pages 95;P
650 ## - SUBJECT ADDED ENTRY--TOPICAL TERM
Topical Term MINING ENGINEERING
942 ## - ADDED ENTRY ELEMENTS (KOHA)
Koha item type Books
Holdings
Lost status Damaged status Collection code Home library Current library Shelving location Date acquired Source of acquisition Cost, normal purchase price Serial Enumeration / chronology Full call number Accession Number Koha item type
    NEW ARRIVAL SHELF JRU Library JRU Library Reference Section 11/03/2026 PURCHASE 150.00 LBI/000884, DATE-06/03/2026 344.540 46 29378 Books
    NEW ARRIVAL SHELF JRU Library JRU Library   11/03/2026 PURCHASE 150.00 LBI/000884, DATE-06/03/2026 344.540 46 29379 Books